| 000 | 00503nam a2200181Ia 4500 | ||
|---|---|---|---|
| 008 | 240925s9999 xx 000 0 und d | ||
| 020 | _a9781138033924 | ||
| 082 | _a006.6 SAM | ||
| 100 | _aSamie, Fathi Abd | ||
| 245 | 0 | _aImage encryption: a communication perspective | |
| 250 | _aNA | ||
| 260 |
_aNew York: _bCRC Press _c,2014. |
||
| 300 |
_a351p. _b0 _fOriginal |
||
| 500 | _aIncludes Index | ||
| 600 | _aComputer Science | ||
| 650 | _aComputer science, information & general works | ||
| 942 | _cBK | ||
| 999 |
_c17454 _d17454 |
||